<?xml version="1.0" encoding="UTF-8"?>
<record
    xmlns:xsi="http://www.w3.org/2001/XMLSchema-instance"
    xsi:schemaLocation="http://www.loc.gov/MARC21/slim http://www.loc.gov/standards/marcxml/schema/MARC21slim.xsd"
    xmlns="http://www.loc.gov/MARC21/slim">

  <leader>01579nam a22002537a 4500</leader>
  <controlfield tag="005">20081106142311.0</controlfield>
  <controlfield tag="008">081106t        xxu||||| |||| 00| 0 hin d</controlfield>
  <datafield tag="010" ind1=" " ind2=" ">
    <subfield code="a">HIN-84699</subfield>
  </datafield>
  <datafield tag="020" ind1=" " ind2=" ">
    <subfield code="a">9788184350357</subfield>
    <subfield code="c">300.00</subfield>
  </datafield>
  <datafield tag="035" ind1=" " ind2=" ">
    <subfield code="a">HN-57045</subfield>
  </datafield>
  <datafield tag="037" ind1=" " ind2=" ">
    <subfield code="b">DBAD / PUB</subfield>
  </datafield>
  <datafield tag="040" ind1=" " ind2=" ">
    <subfield code="a">DPL</subfield>
    <subfield code="b">HN</subfield>
  </datafield>
  <datafield tag="082" ind1=" " ind2=" ">
    <subfield code="a">070.4</subfield>
  </datafield>
  <datafield tag="100" ind1=" " ind2=" ">
    <subfield code="a">&#x927;&#x930;&#x94D;&#x92E;&#x947;&#x928;&#x94D;&#x926;&#x94D;&#x930; &#x938;&#x93F;&#x902;&#x939;</subfield>
  </datafield>
  <datafield tag="245" ind1=" " ind2=" ">
    <subfield code="a">&#x906;&#x927;&#x941;&#x928;&#x93F;&#x915; &#x92A;&#x924;&#x94D;&#x930;&#x915;&#x93E;&#x930;&#x93F;&#x924;&#x93E;&#x903;&#x906;&#x932;&#x94B;&#x91A;&#x928;&#x93E;&#x924;&#x94D;&#x92E;&#x915; &#x935;&#x93F;&#x936;&#x94D;&#x932;&#x947;&#x937;&#x923; /</subfield>
    <subfield code="c">&#x927;&#x930;&#x94D;&#x92E;&#x947;&#x928;&#x94D;&#x926;&#x94D;&#x930; &#x938;&#x93F;&#x902;&#x939;</subfield>
  </datafield>
  <datafield tag="246" ind1=" " ind2=" ">
    <subfield code="a">Aadhunika patrakarita : aalochanaatmaka vishleshana</subfield>
    <subfield code="b">by Dharmendra Singh</subfield>
  </datafield>
  <datafield tag="260" ind1=" " ind2=" ">
    <subfield code="a">&#x928;&#x908; &#x926;&#x93F;&#x932;&#x94D;&#x932;&#x940;</subfield>
    <subfield code="b">&#x905;&#x927;&#x94D;&#x92F;&#x92F;&#x928; &#x92A;&#x92C;&#x94D;&#x932;&#x93F;&#x936;&#x930;&#x94D;&#x938; &#x90F;&#x923;&#x94D;&#x921; &#x921;&#x93F;&#x938;&#x94D;&#x91F;&#x94D;&#x930;&#x940;</subfield>
    <subfield code="c">2008</subfield>
  </datafield>
  <datafield tag="270" ind1=" " ind2=" ">
    <subfield code="a">4378/4&#x92C;&#x940;, 105,&#x91C;&#x947;.&#x90F;&#x92E;.&#x921;&#x940; &#x939;&#x93E;&#x909;&#x938;, &#x92E;&#x941;&#x930;&#x93E;&#x930;&#x940; &#x932;&#x93E;&#x932; &#x938;&#x94D;&#x91F;&#x94D;&#x930;&#x940;&#x91F;, &#x905;&#x902;&#x938;&#x93E;&#x930;&#x940; &#x930;&#x94B;&#x921;, &#x926;&#x930;&#x93F;&#x92F;&#x93E;&#x917;&#x902;&#x91C;</subfield>
    <subfield code="b">&#x928;&#x908; &#x926;&#x93F;&#x932;&#x94D;&#x932;&#x940;</subfield>
    <subfield code="e">110002</subfield>
    <subfield code="k">011 23263018, 23277156</subfield>
    <subfield code="l">011 23280028</subfield>
    <subfield code="m">adhyayanpublishers@yahoo.com</subfield>
  </datafield>
  <datafield tag="300" ind1=" " ind2=" ">
    <subfield code="a">113&#x92A;&#x943;</subfield>
    <subfield code="c">22&#x938;&#x947;&#x92E;&#x940; (&#x938;&#x91C;&#x93F;&#x932;&#x94D;&#x926;)</subfield>
  </datafield>
  <datafield tag="650" ind1=" " ind2=" ">
    <subfield code="a">&#x92A;&#x924;&#x94D;&#x930;&#x915;&#x93E;&#x930;&#x93F;&#x924;&#x93E;</subfield>
    <subfield code="x">&#x907;&#x924;&#x93F;&#x939;&#x93E;&#x938; &#x90F;&#x935;&#x902; &#x938;&#x92E;&#x93E;&#x932;&#x94B;&#x91A;&#x928;&#x93E;</subfield>
    <subfield code="z">&#x92D;&#x93E;&#x930;&#x924;</subfield>
  </datafield>
  <datafield tag="650" ind1=" " ind2=" ">
    <subfield code="a">Journalism</subfield>
    <subfield code="x">Histoy and criticism</subfield>
    <subfield code="z">India</subfield>
  </datafield>
  <datafield tag="942" ind1=" " ind2=" ">
    <subfield code="2">ddc</subfield>
    <subfield code="c">HN</subfield>
    <subfield code="m">&#x927;&#x930;&#x94D;&#x92E;&#x947;&#x928;&#x94D;&#x926;&#x94D;&#x930;</subfield>
    <subfield code="h">070.4</subfield>
  </datafield>
  <datafield tag="999" ind1=" " ind2=" ">
    <subfield code="c">18111</subfield>
    <subfield code="d">18111</subfield>
  </datafield>
  <datafield tag="952" ind1=" " ind2=" ">
    <subfield code="0">0</subfield>
    <subfield code="1">0</subfield>
    <subfield code="2">ddc</subfield>
    <subfield code="4">0</subfield>
    <subfield code="7">1</subfield>
    <subfield code="8">NFIC</subfield>
    <subfield code="a">DBAD</subfield>
    <subfield code="b">DBAD</subfield>
    <subfield code="d">2008-11-06</subfield>
    <subfield code="e">DBAD / PUB</subfield>
    <subfield code="g">300.00</subfield>
    <subfield code="l">0</subfield>
    <subfield code="o">070.4 &#x927;&#x930;&#x94D;&#x92E;&#x947;&#x928;&#x94D;&#x926;&#x94D;&#x930;</subfield>
    <subfield code="p">HN-57045</subfield>
    <subfield code="r">2008-11-06 00:00:00</subfield>
    <subfield code="t">1</subfield>
    <subfield code="v">300.00</subfield>
    <subfield code="w">2008-11-06</subfield>
    <subfield code="y">HN</subfield>
  </datafield>
</record>
